000 01719nam a2200505 i 4500
001 41840
003 KOSZ 005
005 20220316144034.0
008 020108s2001 pl a |001 0 pol
015 _aUWD 2002/717
020 _a8372432031
035 _a991017373079705066
035 _a(PL-WaBN)b14693574-48omnis_nlop
035 _ab14693574
035 _a(OCoLC)830303721
035 _a(PL)b0000001469357
035 _a(EXLNZ-48OMNIS_NETWORK)9910255511405606
040 _aWA N
_cWA N
_dKOSZ 005/HR
041 1 _apol
_heng
046 _k2001
080 _a004.42
080 _a004.738.52
080 _a(07)
245 0 0 _aMicrosoft FrontPage wersja 2002 - polska /
_c[tł. Mariusz Misiek].
246 1 _iTyt. oryg.:
_aMicrosoft FrontPage version 2002 step by step,
_f2001
260 _aWarszawa :
_b"RM",
_c2001.
300 _aXXXI, [1], 349, [2] s. :
_bil. ;
_c24 cm +
_eCD ROM.
336 _aTekst
_btxt
_2rdacontent
337 _aBez urządzenia pośredniczącego
_bn
_2rdamedia
338 _aWolumin
_bnc
_2rdacarrier
380 _aKsiążki
388 _a2001-
490 1 _aKrok po Kroku
500 _aNa okł. podtyt.: nauka we własnym tempie, szybko znajdziesz to, czego potrzebujesz, ćwiczenia na przykładach wziętych z życia.
504 _aIndeks.
650 7 _aFrontPage
_2DBN
655 7 _aPodręcznik
_2DBN
658 _aInformatyka i technologie informacyjne
700 1 _aMisiek, Mariusz
_eTłumaczenie
710 2 _aWydawnictwo RM
_4pbl
830 0 _aKrok po Kroku
856 _uhttp://koha.tu.koszalin.pl/cgi-bin/koha/opac-detail.pl?biblionumber=41840
_yKatalog online BPK
942 _2UKD
_cKS
999 _c41840
_d41840